Dictionary of English phrasal verbs and their idioms

Bibliographic Details
Main Authors: McArthur, Tom (Author), Atkins, Beryl (Author)
Format: Book
Published: London : Collins , 1974
Subjects:

MARC

LEADER 00000cam a2200000 7i4500
001 0000008590
005 20021119093000.0
008 021119n
020 |a 000325267 
090 0 0 |a PE1317.P4   |b M32 
100 0 |a McArthur, Tom ,   |e author 
245 0 0 |a Dictionary of English phrasal verbs and their idioms   |c Tom McArthur and Beryl Atkins 
260 2 |a London :   |b Collins ,   |c 1974 
300 |a 256 p. ; ;   |c 19 cm. 
650 0 |a English language   |x Verb phrase 
700 0 |a Atkins, Beryl ,   |e author 
999 |a 1000041278   |b Book   |c OPEN SHELF (30 DAYS)   |e Gong Badak Campus